000 00894nas a2200289 4500
001 BR2012005258
003 BR-BrBNA
005 20231205120846.0
007 ta
008 230509b bl.|||p| |||| 00| 00por d
040 _aBR-BrBNA
_bpor
_cBiblioteca Nacional de Agricultura
041 _a(Pt)
072 _aF06; F04; P33
100 1 _aBernardi, A.C. de C.
100 1 _aMendonça, F.C.
100 1 _aHaim, P.G.
100 1 _aWerneck, C.G.
100 1 _aMonte, M.B. de M.
245 1 _aDisponibilidade de água e produção de arroz em função de doses de concentrado zeolítico
650 _aIRRIGAÇÃO
650 _aBALANÇO HÍDRICO
650 _aRETENÇÃO DE ÁGUA NO SOLO
650 _aSOLO ARENOSO
773 0 _tIrriga (Brazil)
_xISSN 1808-3765
_g(Apr-Jun 2009), v. 14(2) p. 123-134
_wBR2012005258
909 _a202311
_bLúcia
_c55
_dLúcia Elande
942 _2AGRIS
_n0
_cANA
999 _c220679
_d220679